[Event "ch-RUS HL"]
[Site "Ulan Ude RUS"]
[Date "2009.09.09"]
[Round "7"]
[White "Frolyanov,D"]
[Black "Najer,E"]
[Result "1/2-1/2"]
[WhiteElo "2557"]
[BlackElo "2681"]

1.e4 c5 2.Nf3 d6 3.d4 cxd4 4.Nxd4 Nf6 5.Nc3 a6 6.Be3 e5 7.Nf3 Be7 8.Bc4 O-O
9.O-O Nc6 10.Re1 Be6 11.Nd5 Bxd5 12.exd5 b5 13.Bf1 Na5 14.b3 Qb8 15.Qd2 Bd8
16.Bg5 Qb6 17.c4 bxc4 18.b4 Nb7 19.Bxc4 a5 20.a3 axb4 21.axb4 Ne4 22.Bxd8 Nxd2
23.Bxb6 Nxc4 24.Ba7 Nba5 25.bxa5 Rxa7 26.a6 Nb6 27.Reb1 Nxd5 28.Rd1 Nc7 29.Rxd6 f6
30.g4 Rfa8 31.g5 fxg5 32.Nxg5 Rxa6 33.Raxa6 Nxa6 34.Re6 h6 35.Ne4 Nc7 36.Rxe5 Re8
37.Rxe8+ Nxe8 38.Kg2 Kf7 39.Kg3 Ke6 40.Kf4  1/2-1/2

[Event "ch-RUS HL"]
[Site "Ulan Ude RUS"]
[Date "2009.09.10"]
[Round "8"]
[White "Najer,E"]
[Black "Sjugirov,S"]
[Result "1/2-1/2"]
[WhiteElo "2681"]
[BlackElo "2585"]

1.e4 c5 2.Nf3 d6 3.d4 cxd4 4.Nxd4 Nf6 5.Nc3 a6 6.Be3 e5 7.Nb3 Be6 8.Qd2 Be7
9.O-O-O O-O 10.f4 b5 11.f5 Bc4 12.g4 Nxg4 13.Rg1 Nxe3 14.Qxe3 Bxf1 15.Rdxf1 Kh8
16.Nd5 Nd7 17.Rf3 Nf6 18.Rh3 Rg8 19.Na5 Nxd5 20.exd5 g5 21.Nc6 Qf8 22.Kb1 Bf6
23.Qe4 a5 24.a3 Qg7 25.Rgg3 g4 26.Rh5 Bg5 27.Qxg4 Bf4 28.Qh3 Bxg3 29.f6 Qg6
30.Ne7 Ra7 31.Nxg8 Rc7 32.Rf5 Bf4 33.Ne7 Qg1+ 34.Ka2 Rxc2 35.Rh5 Rxb2+ 36.Kxb2 Qc1+
37.Ka2 Qc2+ 38.Ka1 Qc1+ 39.Ka2 Qc2+ 40.Ka1 Qd1+ 41.Ka2 Qc2+  1/2-1/2

[Event "ch-RUS HL"]
[Site "Ulan Ude RUS"]
[Date "2009.09.13"]
[Round "11"]
[White "Zvjaginsev,V"]
[Black "Najer,E"]
[Result "1-0"]
[WhiteElo "2635"]
[BlackElo "2681"]

1.e4 e5 2.f4 exf4 3.Nf3 d6 4.Bc4 g5 5.h4 gxh4 6.Rxh4 Nf6 7.Nc3 Rg8 8.Qe2 Bg4
9.d4 Nc6 10.Bb5 a6 11.Bxc6+ bxc6 12.Bd2 Nh5 13.Rh2 Qc8 14.O-O-O a5 15.Qc4 Qa6
16.Qa4 Rb8 17.d5 Bg7 18.b3 Kd7 19.e5 Rb4 20.Qxc6+ Qxc6 21.dxc6+ Kxc6 22.Nd5 Kc5
23.Nxb4 axb4 24.exd6 cxd6 25.Be1 Be5 26.Bf2+ Kc6 27.Rd3 Ng7 28.Nd4+ Kc7 29.Rxh7 Bh5
30.Rd2 Bg6 31.Rh1 Be4 32.Nf3 Ne6 33.Nxe5 dxe5 34.Rh5 f6 35.Bh4 Rg6 36.Rh7+ Kc6
37.Rf7 Bxg2 38.Rxf6 Be4 39.Kb2 f3 40.Rxg6 Bxg6 41.Bg3 Nc5 42.Bxe5 Ne4 43.Rd8 f2
44.Rf8 Kd5 45.Bb8 Ke6 46.Ba7 Bf5 47.Bxf2 Nxf2 48.Rc8 Kd6 49.Rd8+ Bd7 50.a3 bxa3+
51.Kxa3 Ng4 52.c4 Ne5 53.Kb2 Kc5 54.Kc3 Be6 55.Re8 Kd6 56.Rh8 Kc5 57.Rh6 Kd6
58.b4 Nf7 59.Rh1 Kd7 60.Rd1+ Kc7 61.Re1 Kd6 62.Kd4 Nd8 63.b5 Nb7 64.Rd1 Bf7
65.Ra1 Nc5 66.Kc3 Bh5 67.Rf1 Be2 68.Rf5 Nd7 69.Kd4 Kc7 70.Rf2 Bg4 71.c5 Bh3
72.Rf7 Bg2 73.Rh7 Bf1 74.b6+ Kc6 75.Rh6+ Kb7 76.c6+ Kxb6 77.cxd7+ Kc7 78.Rd6 Kd8
79.Kc5 Bh3 80.Rh6 Bxd7 81.Kd6  1-0

[Event "TCh-CHN"]
[Site "Shenzhan CHN"]
[Date "2010.06.07"]
[Round "4"]
[White "Najer,E"]
[Black "Ji Dan"]
[Result "1-0"]
[WhiteElo "2665"]
[BlackElo "2379"]

1.e4 c5 2.Nf3 d6 3.d4 cxd4 4.Nxd4 Nf6 5.Nc3 a6 6.Be3 e5 7.Nf3 Be7 8.Bc4 O-O
9.O-O Nc6 10.Qe2 Na5 11.Bb3 b5 12.Bg5 Be6 13.Bxf6 Bxf6 14.Rfd1 Rc8 15.Nd5 Re8
16.c3 Be7 17.Ne1 Bf8 18.Nc2 Rc5 19.Nce3 Qb8 20.Bc2 Nc4 21.b4 Rc6 22.Bb3 Nxe3
23.Qxe3 Rec8 24.Rd3 a5 25.bxa5 Rc5 26.Nb4 Qa7 27.a6 Qc7 28.h4 Qa5 29.Rb1 h6
30.Bxe6 fxe6 31.Qh3 Re8 32.Rf3 Rc4 33.Qg4 Re7 34.Qg6 Qa3 35.Rd1 Rxc3 36.Nc6 Rxf3
37.Nxe7+ Bxe7 38.gxf3 Bf6 39.Rxd6 Qxd6 40.Qe8+ Kh7 41.a7 Bxh4 42.a8=Q Bxf2+
43.Kg2  1-0

[Event "TCh-CHN"]
[Site "Shenzhan CHN"]
[Date "2010.06.08"]
[Round "5"]
[White "Najer,E"]
[Black "Xiu Deshun"]
[Result "1/2-1/2"]
[WhiteElo "2665"]
[BlackElo "2493"]

1.e4 c5 2.Nf3 d6 3.d4 cxd4 4.Nxd4 Nf6 5.Nc3 a6 6.Bg5 e6 7.f4 Be7 8.Qf3 Qc7
9.O-O-O Nbd7 10.g4 h6 11.Bxf6 Bxf6 12.h4 Qb6 13.Nde2 Nc5 14.g5 Be7 15.Ng3 Qc6
16.Nh5 g6 17.Nf6+ Bxf6 18.gxf6 b5 19.Bh3 b4 20.Nd5 exd5 21.exd5 Qc7 22.Rhe1+ Kd8
23.Re7 Qb6 24.Rde1 Bxh3 25.Qxh3 Ra7 26.h5 Rd7 27.hxg6 fxg6 28.Qg4 Kc7 29.Qxg6 b3
30.axb3 Qb4 31.Qf5 Rxe7 32.Rxe7+ Kd8 33.Qg4 Rf8 34.Qh4 Ne4 35.f7 Ng5 36.Ra7 Qd4
37.Qxh6 Qg1+ 38.Kd2 Qd4+ 39.Ke2 Qe4+ 40.Kd1 Qf3+ 41.Ke1 Qe4+ 42.Kd1  1/2-1/2

[Event "TCh-CHN"]
[Site "Shenzhan CHN"]
[Date "2010.06.09"]
[Round "6"]
[White "Wang Li"]
[Black "Najer,E"]
[Result "0-1"]
[WhiteElo "2383"]
[BlackElo "2665"]

1.d4 d5 2.c4 c6 3.cxd5 cxd5 4.Nc3 Nc6 5.Bf4 e5 6.dxe5 d4 7.Ne4 Bf5 8.Ng3 Bg6
9.a3 Qb6 10.b4 O-O-O 11.Nf3 Nge7 12.Qb3 Nd5 13.Bd2 Kb8 14.e4 dxe3 15.fxe3 Bc5
16.Bc4 Bxe3 17.O-O-O Nd4 18.Nxd4 Qxd4 19.Bxe3 Qa1+ 20.Kd2 Nc3+ 21.Ke1 Rxd1+
22.Kf2 Rxh1 23.Nxh1 Nd1+  0-1

[Event "ch-RUS Higher League"]
[Site "Irkutsk RUS"]
[Date "2010.08.26"]
[Round "1"]
[White "Tseshkovsky,V"]
[Black "Najer,E"]
[Result "0-1"]
[WhiteElo "2564"]
[BlackElo "2672"]

1.e4 c5 2.Nf3 d6 3.d4 cxd4 4.Nxd4 Nf6 5.Nc3 a6 6.Be2 e5 7.Nb3 Be7 8.O-O O-O
9.Kh1 Nc6 10.Be3 Be6 11.Qd2 d5 12.exd5 Nxd5 13.Nxd5 Bxd5 14.Rfd1 Be4 15.Nc5 Qxd2
16.Rxd2 Bxc5 17.Bxc5 Rfd8 18.Rad1 Rxd2 19.Rxd2 Rd8 20.Rxd8+ Nxd8 21.c3 Ne6
22.Be3 Nf4 23.Bxf4 exf4 24.Kg1 g5 25.f3 Bd5 26.a4 Kg7 27.b4 Kf6 28.Bd3 h6
29.c4 Be6 30.c5 Bc8 31.c6 bxc6 32.Be4 Bd7 33.Bd3 c5 34.bxc5 a5 35.Kf2 Bxa4  0-1

[Event "ch-RUS Higher League"]
[Site "Irkutsk RUS"]
[Date "2010.08.29"]
[Round "4"]
[White "Najer,E"]
[Black "Grigoriants,S RUS"]
[Result "1/2-1/2"]
[WhiteElo "2672"]
[BlackElo "2564"]

1.e4 e5 2.Nf3 Nc6 3.Bb5 a6 4.Ba4 Nf6 5.O-O Be7 6.Re1 b5 7.Bb3 d6 8.c3 O-O
9.d4 Bg4 10.d5 Na5 11.Bc2 c6 12.h3 Bxf3 13.Qxf3 cxd5 14.exd5 Nc4 15.Nd2 Rc8
16.a4 Nd7 17.b3 Nxd2 18.Bxd2 g6 19.axb5 axb5 20.Ra7 Rc7 21.Rea1 Qb8 22.Rxc7 Qxc7
23.Qe3 Rb8 24.Qa7 Qd8 25.Ra6 Nc5 26.Ra1 Nd7 27.Ra5 Bg5 28.Bxg5 Qxg5 29.Qxd7 Qc1+
30.Kh2 Qf4+  1/2-1/2

[Event "ch-RUS Higher League"]
[Site "Irkutsk RUS"]
[Date "2010.08.30"]
[Round "5"]
[White "Galkin,A"]
[Black "Najer,E"]
[Result "1/2-1/2"]
[WhiteElo "2597"]
[BlackElo "2672"]

1.e4 e5 2.Nf3 Nc6 3.Bb5 a6 4.Ba4 Nf6 5.O-O Be7 6.Re1 b5 7.Bb3 O-O 8.c3 d5
9.exd5 Nxd5 10.Nxe5 Nxe5 11.Rxe5 c6 12.Re1 Bd6 13.d3 Bf5 14.Nd2 Bxd3 15.Nf3 Bg6
16.Bg5 Qd7 17.Bxd5 cxd5 18.Ne5 Bxe5 19.Rxe5 d4 20.Bd2 f6 21.Re1 d3 22.Qb3+ Bf7
23.Qb4 Rfe8 24.Re3 a5 25.Qf4 Rxe3 26.Bxe3 Re8 27.h3 h6 28.b3 a4 29.Qb4 Bh5
30.Qh4 Qd5 31.c4 bxc4 32.bxc4 Qe5 33.Rb1 Bf7 34.c5 Bxa2 35.Rd1 Rb8 36.c6 Bd5
37.Qg4 Bxc6 38.Bf4 Bd7 39.Qf3 Bc6 40.Qg4 Bd7 41.Qf3 Bc6  1/2-1/2

[Event "64th ch-RUS HL"]
[Site "Taganrog RUS"]
[Date "2011.06.26"]
[Round "11"]
[White "Shomoev,A"]
[Black "Najer,E"]
[Result "1/2-1/2"]
[WhiteElo "2566"]
[BlackElo "2643"]

1.d4 d5 2.c4 c6 3.cxd5 cxd5 4.Bf4 Nc6 5.e3 Nf6 6.Nc3 a6 7.Bd3 Bg4 8.Nge2 e6
9.O-O Bd6 10.f3 Bh5 11.Rc1 Bg6 12.Na4 O-O 13.Bxd6 Qxd6 14.Nc5 Rab8 15.Qd2 e5
16.Bxg6 hxg6 17.dxe5 Nxe5 18.b3 Qe7 19.Nd3 Nc6 20.Nd4 Nxd4 21.exd4 Rbc8 22.Rfe1 Qa3
23.Rc2 Rfd8 24.Rec1 Rxc2 25.Rxc2 Qe7 26.Qe1 Qxe1+ 27.Nxe1 Ne8 28.Nd3 Kf8
29.Kf2 g5 30.g4 g6 31.a4 a5 32.Rc5 b6 33.Rc6 Rd6 34.Rc8 Ke7 35.Ne5 Re6 36.Ra8 Nc7
37.Rb8 Rf6 38.Rb7 Kd8 39.Rb8+ Ke7 40.h3 Na6 41.Rb7+ Ke8 42.Kg3 Nb4 43.Rb8+ Ke7
44.Rb7+ Ke8 45.Rc7 Kd8 46.Rd7+ Ke8 47.Rc7 Kd8 48.Rxf7 Rxf7 49.Nxf7+ Ke7 50.Nxg5 Nc2
51.h4 Nxd4 52.h5 gxh5 53.gxh5 Kf6 54.f4 Nxb3 55.h6 Nc5 56.f5 Nd7 57.Kf4 d4
58.Ne6 Ne5 59.Nxd4 Nf7 60.h7 Kg7 61.Ne6+ Kxh7 62.Ng5+ Nxg5 63.Kxg5 b5 64.axb5 a4
65.b6 a3 66.b7 a2 67.b8=Q a1=Q 68.Qc7+ Qg7+ 69.Qxg7+ Kxg7 70.f6+ Kf7 71.Kf5 Kf8
72.Ke6 Ke8 73.f7+ Kf8 74.Kf6  1/2-1/2

[Event "TCh-CZE Extraliga 2011-12"]
[Site "Czech Republic CZE"]
[Date "2012.01.07"]
[Round "5.1"]
[White "Najer,E"]
[Black "Pacher,M"]
[Result "1-0"]
[WhiteElo "2637"]
[BlackElo "2403"]

1.e4 e5 2.Nf3 Nf6 3.Nc3 Nc6 4.g3 d5 5.exd5 Nxd5 6.Bg2 Nxc3 7.bxc3 Bd6 8.O-O O-O
9.Rb1 Rb8 10.d3 h6 11.Ng5 hxg5 12.Bxc6 Bh3 13.Bg2 g4 14.Bxh3 gxh3 15.Be3 Qd7
16.c4 Qc6 17.f3 a6 18.Rf2 b5 19.cxb5 axb5 20.Qf1 Ra8 21.Qxh3 Rxa2 22.Qg2 Qc3
23.h4 Rfa8 24.Kh2 b4 25.Re2 Rb2 26.Rxb2 Qxb2 27.h5 b3 28.cxb3 Qxb3 29.f4 Ra5
30.Bd2 Rd5 31.fxe5 Bxe5 32.d4 Bd6 33.Re8+ Kh7 34.Qe4+ f5 35.Qe3 Qd1 36.Qe6 Qxh5+
37.Kg2 f4 38.Qg8+ Kg6 39.Qe6+ Kh7 40.Qg8+ Kg6 41.Bxf4 Bxf4 42.Re6+ Kf5 43.Re1 Kg6
44.Re6+ Kf5 45.Qc8 Kg5 46.Qf8 Be5 47.Rxe5+ Rxe5 48.Qxg7+ Qg6 49.Qxe5+ Kh6
50.Qf4+ Kg7 51.Qxc7+ Kg8 52.Qd8+ Kf7 53.Qd5+ Ke7 54.Qe5+ Kd7 55.d5 Qc2+ 56.Kh3 Qh7+
57.Kg4 Qg6+ 58.Kf4 Qh6+ 59.Qg5 Qh2 60.Qf5+ Ke8 61.Qe6+ Kf8 62.Qc8+ Kf7 63.Qf5+ Kg8
64.Qg4+ Kf7 65.Kg5 Qb2 66.Qe6+ Kg7 67.Qg6+  1-0

[Event "TCh-CZE Extraliga 2011-12"]
[Site "Czech Republic CZE"]
[Date "2012.03.03"]
[Round "7.1"]
[White "Swiercz,D"]
[Black "Najer,E"]
[Result "1/2-1/2"]
[WhiteElo "2585"]
[BlackElo "2637"]

1.d4 Nf6 2.c4 e6 3.Nc3 Bb4 4.e3 O-O 5.Bd3 d5 6.Nf3 c5 7.O-O Nc6 8.a3 Bxc3
9.bxc3 Qc7 10.h3 dxc4 11.Bxc4 e5 12.Bb2 Bf5 13.Bb5 e4 14.Nd2 Rad8 15.a4 Rfe8
16.Re1 Bg6 17.Qe2 Bh5 18.Qf1 Rd5 19.c4 Rg5 20.Kh1 Qa5 21.Nb3 Qb4 22.d5 a6
23.dxc6 axb5 24.axb5 bxc6 25.Bxf6 gxf6 26.Rab1 Qa4 27.Rec1 Qa7 28.Rb2 Kh8
29.Nd2 Qb8 30.b6 Qe5 31.Rcb1 Rgg8 32.b7 f5 33.Rb3 Rb8 34.Qc1 Qg7 35.Qg1 Be2
36.Qh2 Bd3 37.R1b2 f6 38.Rb6 f4 39.exf4 f5 40.R6b3 h6 41.Qg1 Kh7 42.g3 Qd4
43.Qe1 Rg7 44.Kh2 Rd7 45.Qe3 h5 46.Rb6 Kg7 47.h4 Qxe3 48.fxe3 Kf7 49.Kg2 Ke6
50.Kf2 Kd6 51.Ke1 Ke7 52.Kf2 Kf7 53.Ke1 Ke7 54.Kd1 Kf7 55.Kc1 Ke7 56.Kd1  1/2-1/2

[Event "TCh-CZE Extraliga 2011-12"]
[Site "Czech Republic CZE"]
[Date "2012.03.04"]
[Round "8.1"]
[White "Najer,E"]
[Black "Kanovsky,D"]
[Result "1-0"]
[WhiteElo "2637"]
[BlackElo "2462"]

1.d4 Nf6 2.c4 c5 3.d5 e6 4.Nc3 exd5 5.cxd5 d6 6.Nf3 g6 7.Nd2 Bg7 8.e4 O-O
9.Be2 Ne8 10.h4 Na6 11.h5 Nac7 12.a4 b6 13.Nf1 a6 14.Ng3 Rb8 15.Bf4 b5 16.Qc1 bxa4
17.Rxa4 Bd7 18.Ra2 Nb5 19.Rxa6 Nec7 20.Rxd6 Nxd6 21.Bxd6 Re8 22.Bxc5 Nb5
23.hxg6 hxg6 24.O-O Nd4 25.Bd1 Nb3 26.Bxb3 Rxb3 27.d6 Qa5 28.Nd5 Rxb2 29.Qe3 Qd2
30.Qf3 Qg5 31.Be3 Qe5 32.Bf4 Qd4 33.Ne7+ Kh7 34.Ngf5 Bxf5 35.exf5 Qc3 36.Qg4  1-0

[Event "TCh-CZE Extraliga 2011-12"]
[Site "Czech Republic CZE"]
[Date "2012.04.21"]
[Round "10.1"]
[White "Najer,E"]
[Black "Michalik,P"]
[Result "1/2-1/2"]
[WhiteElo "2637"]
[BlackElo "2511"]

1.e4 c6 2.d4 d5 3.e5 Bf5 4.c4 e6 5.Nc3 Ne7 6.a3 Nd7 7.c5 Bg6 8.h4 f6 9.h5 Bf7
10.f4 b6 11.b4 a5 12.Be3 axb4 13.axb4 Rxa1 14.Qxa1 bxc5 15.bxc5 g5 16.hxg6 Bxg6
17.Nf3 Bg7 18.Be2 O-O 19.Qa7 Nf5 20.Bf2 Rf7 21.Qa6 Nb8 22.Qa8 Rf8 23.g4 Ne7
24.exf6 Bxf6 25.Ne5 Qc7 26.Be3 Nd7 27.Qa4 Bg7 28.Rh3 Nf6 29.Bd2 Ne4 30.Nxe4 Bxe4
31.Ra3 Bxe5 32.fxe5 Ng6 33.Bh6 Rb8 34.Rb3 Rxb3 35.Qxb3 Qd8 36.Kd1 Qh4 37.Be3 Qh1+
38.Kd2 Qa1 39.Qb8+ Nf8 40.Qb4 Qa2+ 41.Ke1 Qa1+  1/2-1/2

[Event "TCh-CZE Extraliga 2011-12"]
[Site "Czech Republic CZE"]
[Date "2012.04.22"]
[Round "11.2"]
[White "Najer,E"]
[Black "Jakubiec,A"]
[Result "1/2-1/2"]
[WhiteElo "2637"]
[BlackElo "2528"]

1.d4 f5 2.g3 Nf6 3.Bg2 g6 4.Nf3 Bg7 5.b4 c6 6.c4 O-O 7.Nbd2 d6 8.Rb1 Ne4
9.Bb2 Be6 10.O-O Nd7 11.d5 cxd5 12.cxd5 Nxd2 13.dxe6 Nxf3+ 14.Bxf3 Ne5 15.Bxb7 Rb8
16.Bxe5 Rxb7 17.Bxg7 Kxg7 18.Qd4+ Rf6 19.Rfc1 Qb6 20.Qc4 f4 21.gxf4 g5 22.fxg5 Rxf2
23.Qc3+ Kg6 24.Qd3+ Rf5+ 25.Kh1 Qb5 26.h4 Qxd3 27.exd3 Rf3 28.Kg2 Rxd3 29.Rc4 Kf5  1/2-1/2

[Event "TCh-CHN 2012"]
[Site "Hangzhou CHN"]
[Date "2012.10.07"]
[Round "16"]
[White "Najer,E"]
[Black "Bai,Jinshi"]
[Result "1-0"]
[WhiteElo "2640"]
[BlackElo "2231"]

1.c4 e5 2.Nc3 Nc6 3.g3 g6 4.Bg2 Bg7 5.Rb1 a5 6.a3 f5 7.d3 Nge7 8.e3 d6 9.Nge2 Be6
10.Nd5 O-O 11.O-O Bxd5 12.cxd5 Nb8 13.Bd2 Nd7 14.Rc1 Nc5 15.Qc2 a4 16.Bc3 Qd7
17.Bb4 Na6 18.Qc4 b5 19.Qc2 Rfc8 20.Bc3 Rab8 21.b4 axb3 22.Qxb3 Nc5 23.Qb1 c6
24.d4 exd4 25.dxc6 Nxc6 26.exd4 Na4 27.Ba1 d5 28.Nf4 Ne7 29.Qb3 Rd8 30.Rfe1 Bh6
31.Qf3 Bxf4 32.Qxf4 Nc6 33.h4 Re8 34.h5 Rxe1+ 35.Rxe1 Rd8 36.Bf1 Na5 37.Qg5 Re8
38.Rb1 Qd8 39.Qh6 Qf6 40.Rxb5 Nc6 41.Rxd5 Re1 42.Rd7 Rxa1 43.Qxh7+ Kf8 44.hxg6 Ke8
45.Rf7  1-0

[Event "TCh-CHN 2012"]
[Site "Hangzhou CHN"]
[Date "2012.10.08"]
[Round "17"]
[White "Liu Guanchu"]
[Black "Najer,E"]
[Result "1/2-1/2"]
[WhiteElo "2260"]
[BlackElo "2640"]

1.e4 c5 2.Nf3 d6 3.d4 cxd4 4.Nxd4 Nf6 5.Nc3 a6 6.Be3 e5 7.Nb3 Be7 8.Qd2 O-O
9.O-O-O a5 10.Kb1 a4 11.Nc1 a3 12.b3 Ng4 13.Nd5 Nxe3 14.Qxe3 Nc6 15.Bc4 Be6
16.Nd3 Kh8 17.Qb6 Qd7 18.Nxe7 Qxe7 19.Bd5 Bxd5 20.exd5 Nd4 21.Rhe1 Qd7 22.Nb4 Rac8
23.Rd2 h6 24.c4 Qc7 25.Qxc7 Rxc7 26.Nc2 Nxc2 27.Rxc2 Rfc8 28.Rec1 Kh7 29.b4 b6
30.Rc3 f5 31.R1c2 Kg6 32.Kc1 e4 33.f4 exf3 34.gxf3 Kg5 35.Kd2 Kf4 36.Kd3 Re7
37.Kd4 Re1 38.Rxa3 Rd1+ 39.Rd3 Rxd3+ 40.Kxd3 Kxf3 41.c5 dxc5 42.bxc5 bxc5
43.Kc4 f4 44.d6 Ke3 45.Kd5 f3 46.Rxc5 Rxc5+ 47.Kxc5 f2 48.d7 f1=Q 49.d8=Q Qc1+
50.Kb6 Qb2+ 51.Kc6 Qc2+ 52.Kb5 Qb2+ 53.Kc6 Qxa2 54.Qe7+ Kd3 55.Qd7+ Ke3 56.Qe7+ Kf3
57.Qf8+ Ke4 58.Qe7+ Kf5 59.Qxg7 Qe6+ 60.Kc5 Qc8+ 61.Kd5 Qa8+ 62.Kc5 Qa3+
63.Kc6 Qf3+ 64.Kc5 Qf2+ 65.Kc6 Qc2+ 66.Kd5 Qd2+ 67.Kc6 Qxh2 68.Qf7+ Kg5 69.Qg7+ Kf5
70.Qf7+ Ke4 71.Qd5+ Ke3 72.Qb3+ Kf2 73.Qc2+ Kg3 74.Qg6+ Kf3 75.Qd3+ Kg4 76.Qg6+ Kf3
77.Qd3+ Kg2 78.Qe2+ Kh1 79.Qf1+ Qg1 80.Qh3+ Qh2 81.Kd5  1/2-1/2

[Event "TCh-CZE Extraliga 2012-13"]
[Site "Czech Republic CZE"]
[Date "2012.11.03"]
[Round "1.1"]
[White "Najer,E"]
[Black "Zvara,P"]
[Result "1-0"]
[WhiteElo "2647"]
[BlackElo "2419"]

1.d4 Nf6 2.c4 g6 3.Nc3 Bg7 4.e4 d6 5.Nf3 O-O 6.h3 e5 7.d5 Nh5 8.Be3 Na6 9.a3 f5
10.b4 Qe7 11.c5 fxe4 12.Nxe4 Nf4 13.Rc1 Bf5 14.Nfd2 Kh8 15.Qb3 Rad8 16.g3 Qf7
17.cxd6 Nxd5 18.Ng5 Qg8 19.b5 Nb8 20.dxc7 Rc8 21.Bc4 Rxc7 22.Bxd5 Rxc1+ 23.Ke2 Bc2
24.Rxc1 Bxb3 25.Bxb3  1-0

[Event "TCh-CZE Extraliga 2012-13"]
[Site "Czech Republic CZE"]
[Date "2012.12.01"]
[Round "3.1"]
[White "Vitiugov,N"]
[Black "Najer,E"]
[Result "1-0"]
[WhiteElo "2700"]
[BlackElo "2647"]

1.d4 d5 2.c4 c6 3.Nc3 Nf6 4.cxd5 cxd5 5.Bf4 Nc6 6.e3 Bg4 7.f3 Bd7 8.Bd3 g6
9.Bg5 e5 10.Nge2 exd4 11.exd4 Bg7 12.O-O h6 13.Bh4 Ne7 14.Qb3 Bc6 15.f4 Qb6
16.Qa3 a5 17.Qd6 Qd8 18.Qe5 Nh5 19.Qe3 Nf6 20.f5 g5 21.Bg3 Qd7 22.h3 Kf8
23.Be5 Re8 24.a4 Kg8 25.Ng3 Nc8 26.Nb5 Nd6 27.b3 Nxb5 28.axb5 Bxb5 29.Rxa5 Bxd3
30.Qxd3 h5 31.Ne2 Rh6 32.Nc3 Rc8 33.Rc5 Rc6 34.Qe3 b6 35.Rxc6 Qxc6 36.Rc1 g4
37.Bf4 Rh8 38.Ne4 Qd7 39.Nxf6+ Bxf6 40.Rc7 Qd8 41.Be5 Bxe5 42.Qxe5 Rh6 43.h4 Qf6
44.Qxd5 Kg7 45.g3 Rh8 46.Rd7 Rc8 47.Rd6 Rc1+ 48.Kf2 Rc2+ 49.Ke3 Qe7+ 50.Qe5+ Kf8
51.Qxe7+ Kxe7 52.Rxb6 Rc3+ 53.Kf4 f6 54.Re6+ Kf7 55.Re3 Rc1 56.Ke4 Ke7 57.Kd5+ Kd7
58.Re6 Rc3 59.Rxf6 Rxg3 60.Rh6 Rxb3 61.Rxh5 g3 62.Rg5 Ke7 63.Rg6  1-0

[Event "TCh-CZE Extraliga 2012-13"]
[Site "Czech Republic CZE"]
[Date "2013.02.16"]
[Round "5.1"]
[White "Michalik,P"]
[Black "Najer,E"]
[Result "1/2-1/2"]
[WhiteElo "2508"]
[BlackElo "2647"]

1.d4 d5 2.c4 c6 3.Nf3 Nf6 4.e3 Bg4 5.h3 Bh5 6.Nc3 e6 7.g4 Bg6 8.Ne5 Nbd7
9.Nxg6 hxg6 10.g5 Ne4 11.Nxe4 dxe4 12.Qb3 Qb6 13.h4 Qxb3 14.axb3 Bb4+ 15.Bd2 Bxd2+
16.Kxd2 f5 17.gxf6 gxf6 18.Bg2 f5 19.f3 exf3 20.Bxf3 Kf7 21.b4 a6 22.b5 axb5
23.cxb5 cxb5 24.Rxa8 Rxa8 25.Bxb7 Ra2 26.Kc3 Nb6 27.b3 Ra7 28.Bf3 Rd7 29.Kb4 Nd5+
30.Bxd5 Rxd5 31.Rc1 e5 32.Rc7+  1/2-1/2

[Event "TCh-CZE Extraliga 2012-13"]
[Site "Czech Republic CZE"]
[Date "2013.02.17"]
[Round "6.1"]
[White "Najer,E"]
[Black "Azarov,S"]
[Result "1-0"]
[WhiteElo "2647"]
[BlackElo "2618"]

1.d4 d5 2.c4 e6 3.Nc3 Be7 4.cxd5 exd5 5.Bf4 Nf6 6.e3 Bf5 7.Qb3 Nc6 8.g4 Nxg4
9.Qxd5 Qxd5 10.Nxd5 O-O-O 11.Nxe7+ Nxe7 12.Rc1 Nd5 13.Bg3 Rhe8 14.Ne2 c6
15.Nc3 Ngf6 16.Be5 Ng4 17.Bg3 Ngf6 18.Be2 Ne4 19.Nxe4 Bxe4 20.Rg1 g5 21.h4 h6
22.Kd2 Rd7 23.Bh2 f6 24.Bg4 Kd8 25.Bxd7 Kxd7 26.Rg3 Bf5 27.Re1 a5 28.f3 Be6
29.Rgg1 a4 30.e4 Nb6 31.a3 Ra8 32.e5 fxe5 33.hxg5 hxg5 34.Rxg5 Rf8 35.Rg7+ Kc8
36.Bxe5 Rxf3 37.Rc7+ Kd8 38.Rxb7 Nc4+ 39.Kc1 Bf5 40.Rg1  1-0

[Event "ch-Moscow 2013"]
[Site "Moscow RUS"]
[Date "2013.03.24"]
[Round "3.1"]
[White "Najer,E"]
[Black "Balashov,Y"]
[Result "1/2-1/2"]
[WhiteElo "2634"]
[BlackElo "2481"]

1.e4 e5 2.Nf3 Nc6 3.Bb5 a6 4.Ba4 Nf6 5.O-O Be7 6.Re1 b5 7.Bb3 d6 8.c3 O-O
9.h3 Nb8 10.d4 Nbd7 11.Nbd2 c5 12.Nf1 Re8 13.Ng3 Bf8 14.Nf5 h6 15.a4 cxd4
16.cxd4 Bb7 17.axb5 axb5 18.Rxa8 Qxa8 19.d5 Nc5 20.Bc2 b4 21.b3 Bc8 22.N3h4 Bxf5
23.Nxf5 Rc8 24.Bd2 Qb7 25.Qf3 Nfd7 26.Qg4 Kh7 27.Re3 Nf6 28.Qh4 Ng8 29.Rf3 g6
30.Ne3 Ra8 31.Kh2 Ra7 32.Qd8 Ra8 33.Qh4 Ra7 34.Nc4 Kg7 35.Be3 Qc7 36.Bd2 Qb8
37.Be3 Qc7 38.Bd2 Qb8  1/2-1/2

[Event "ch-Moscow 2013"]
[Site "Moscow RUS"]
[Date "2013.03.25"]
[Round "4.1"]
[White "Eliseev,U"]
[Black "Najer,E"]
[Result "1-0"]
[WhiteElo "2541"]
[BlackElo "2634"]

1.e4 e5 2.Bc4 Nf6 3.d3 Nc6 4.Nf3 Bc5 5.c3 O-O 6.O-O d5 7.exd5 Nxd5 8.Re1 Bg4
9.h3 Bh5 10.Nbd2 Nb6 11.b4 Bd6 12.Bb3 a5 13.b5 Nb8 14.a4 N8d7 15.Ne4 Be7
16.d4 exd4 17.Qxd4 Bxf3 18.gxf3 c5 19.bxc6 bxc6 20.Bf4 Nd5 21.Bxd5 cxd5 22.Qxd5 Qc8
23.Rad1 Nf6 24.Nxf6+ Bxf6 25.Bd6 Bxc3 26.Re4 Qxh3 27.Bxf8 Rxf8 28.Rc4 Bf6
29.Rf4 Qh6 30.Rc4 g6 31.Qxa5 Re8 32.Re4 Rxe4 33.Qa8+ Kg7 34.Qxe4 Qg5+ 35.Qg4 Qc5
36.Qf4 Qa5 37.Rd7 Qa8 38.Qe4 Qc8 39.Qd5 Qe8 40.a5 Bh4 41.Kg2  1-0

[Event "ch-Moscow 2013"]
[Site "Moscow RUS"]
[Date "2013.03.26"]
[Round "5.3"]
[White "Najer,E"]
[Black "Dvalishvili,P"]
[Result "1-0"]
[WhiteElo "2634"]
[BlackElo "2413"]

1.d4 Nf6 2.c4 e6 3.Nc3 Bb4 4.Qc2 c5 5.dxc5 Qc7 6.a3 Bxc5 7.b4 Be7 8.Nb5 Qc6
9.Nf3 d6 10.g4 a6 11.Nbd4 Qc7 12.g5 Nfd7 13.Bb2 Nb6 14.Rc1 d5 15.cxd5 Qxc2
16.Nxc2 O-O 17.dxe6 Bxe6 18.h4 Na4 19.Ba1 Rc8 20.Nfd4 Bd5 21.Bh3 Rc4 22.O-O Nc6
23.Nxc6 bxc6 24.Nd4 Nb6 25.e4 c5  1-0

[Event "ch-Moscow 2013"]
[Site "Moscow RUS"]
[Date "2013.03.29"]
[Round "7.2"]
[White "Najer,E"]
[Black "Oparin,G"]
[Result "0-1"]
[WhiteElo "2634"]
[BlackElo "2496"]

1.e4 c5 2.Nf3 d6 3.d4 cxd4 4.Nxd4 Nf6 5.Nc3 a6 6.Be3 e5 7.Nb3 Be6 8.Qd2 Nbd7
9.O-O-O b5 10.f3 Nb6 11.Qf2 Nfd7 12.f4 Rc8 13.f5 Bc4 14.Kb1 Be7 15.f6 gxf6
16.Bxc4 Rxc4 17.Rhe1 Rg8 18.h3 Rxc3 19.bxc3 Na4 20.Rd3 Qc8 21.Bd2 Ndb6 22.g4 Nc4
23.Bc1 Bd8 24.Rf1 Qb7 25.Qf5 Rg6 26.Ka1 Bb6 27.Re1 Bc5 28.Qh5 b4 29.Qh4 Qb5
30.Nxc5 Nxc5 31.Rf3 bxc3 32.Rxc3 Qb4 33.Rf3 Kd7 34.Rd1 Nxe4 35.Rb3 Qa4 36.Qxh7 Ke6
37.Rb7 Qe8 38.Rc7 d5 39.Qh5 Ned6 40.g5 f5 41.Rc5 d4 42.Qe2 Kd7 43.c3 Qb8
44.cxd4 Qb4 45.Qd3 e4 46.Qb3 a5 47.Bf4 e3 48.Bxd6 Qxb3 49.axb3 Nxd6 50.Re5 Re6
51.Kb2 f4 52.Kc2 e2 53.Ra1 f3 54.Kd2 Nb5 55.Rxa5 Nxd4  0-1

[Event "ch-Moscow 2013"]
[Site "Moscow RUS"]
[Date "2013.03.30"]
[Round "8.4"]
[White "Najer,E"]
[Black "Nikolenko,O"]
[Result "1-0"]
[WhiteElo "2634"]
[BlackElo "2526"]

1.e4 e6 2.d4 d5 3.Nc3 Nf6 4.e5 Nfd7 5.f4 c5 6.Nf3 Nc6 7.Be3 Be7 8.Qd2 O-O
9.dxc5 Bxc5 10.O-O-O Qa5 11.a3 f6 12.exf6 Nxf6 13.g3 Bd7 14.Bxc5 Qxc5 15.Bh3 b5
16.Ne5 Bc8 17.Rhe1 Rb8 18.b4 Qd6 19.Qe3 Rb6 20.Qc5 Qxc5 21.bxc5 Ra6 22.Nxb5 Nxe5
23.Rxe5 Ne4 24.Nc7 Rxa3 25.Kb2 Ra5 26.Nxe6 Rf7 27.c6 Rb5+ 28.Ka3 Nc3 29.Rd3 d4
30.Nxd4 Nb1+ 31.Ka2 Rxe5 32.Bxc8  1-0

[Event "TCh-CZE Extraliga 2012-13"]
[Site "Czech Republic CZE"]
[Date "2013.04.28"]
[Round "11.1"]
[White "Najer,E"]
[Black "Tazbir,M"]
[Result "1-0"]
[WhiteElo "2647"]
[BlackElo "2555"]

1.d4 d5 2.c4 dxc4 3.Nf3 Nf6 4.Nc3 Bf5 5.e3 e6 6.Bxc4 Nbd7 7.O-O Be7 8.Nh4 Bg6
9.Nxg6 hxg6 10.e4 Nb6 11.Bb3 O-O 12.Be3 Rc8 13.Qe2 c5 14.Rad1 cxd4 15.Bxd4 Qc7
16.Nb5 Qb8 17.Bxb6 axb6 18.e5 Nd5 19.Bxd5 exd5 20.Rxd5 Rfd8 21.Rxd8+ Rxd8
22.e6 f5 23.Qe3 Rd5 24.Nc3 Re5 25.Qg3 Kh7 26.Nd5 Bd6 27.Nf4 Qe8 28.Nh3 Kg8
29.Ng5 Rxe6 30.Qb3  1-0

[Event "Chinese Teams 2013"]
[Site "Tianjin CHN"]
[Date "2013.04.30"]
[Round "1.3"]
[White "Najer,E"]
[Black "Wang Rui"]
[Result "1/2-1/2"]
[WhiteElo "2634"]
[BlackElo "2408"]

1.d4 d5 2.c4 c6 3.cxd5 cxd5 4.Nf3 Nc6 5.Nc3 Nf6 6.Bf4 Nh5 7.Bd2 Nf6 8.Bf4 Nh5
9.Bd2 e6 10.e3 Bd6 11.Bd3 O-O 12.O-O f5 13.Ne5 Bxe5 14.Qxh5 Bd6 15.f4 Bd7
16.Rac1 Rc8 17.Kh1 a6 18.Na4 Nb4 19.Rxc8 Qxc8 20.Rc1 Qxc1+ 21.Bxc1 Nxd3 22.Nc5 Bxc5
23.dxc5 Nxc1 24.Qd1 Nxa2 25.Qb3 Nc1 26.Qd1 Na2 27.Qb3 Nc1  1/2-1/2

[Event "Chinese Teams 2013"]
[Site "Tianjin CHN"]
[Date "2013.05.01"]
[Round "2.4"]
[White "Najer,E"]
[Black "Yu Lie"]
[Result "1/2-1/2"]
[WhiteElo "2634"]
[BlackElo "2372"]

1.d4 d5 2.c4 c6 3.Nf3 Nf6 4.Nc3 g6 5.Bf4 dxc4 6.e3 Bg7 7.Bxc4 O-O 8.O-O Nbd7
9.Qe2 Nb6 10.Bb3 a5 11.e4 a4 12.Bc2 Be6 13.Rfd1 Nh5 14.Be3 Bc4 15.Qe1 Nf6
16.h3 Nfd7 17.Rac1 Qb8 18.b3 axb3 19.axb3 Ba6 20.Bb1 Rd8 21.e5 Nf8 22.h4 Nd5
23.Nxd5 Rxd5 24.Be4 Rd7 25.h5 f5 26.Bb1 Ne6 27.hxg6 hxg6 28.Nh4 Nf8 29.Nxg6 Nxg6
30.Bxf5 Nxe5 31.Bf4 Nf3+ 32.gxf3 Qxf4 33.Bxd7 Bxd4 34.Qe6+ Kf8 35.Qf5+ Qxf5
36.Bxf5 Be5 37.Bd3 Kf7 38.Bxa6 Rxa6 39.Rc4 Bd6 40.Ra4 Rb6 41.Rd3 Rb5 42.Kg2 Kf6
43.Rh4 Rg5+ 44.Rg4 Rh5 45.Ra4 Rc5 46.Rc4 Ra5 47.Rc2 Rh5 48.Kf1 Rh1+ 49.Ke2 Rb1
50.Ra2 b6 51.Rc2 c5 52.Rcd2 Be5 53.Ra2 Bd6 54.f4 b5 55.Kf3 Rh1 56.Ke4 Ke6
57.f5+ Kf6 58.Ra8 Re1+ 59.Kd5 Re5+ 60.Kc6 c4 61.bxc4 bxc4 62.Rc3 Rc5+ 63.Kb6 Ke5
64.f6 Kxf6 65.Ra4 Rf5 66.f3 Be5 67.Rcxc4 Rxf3 68.Ra8 Kf5 69.Kc6 Bf6 70.Ra5+ Ke6
71.Ra2  1/2-1/2